Statistiques concernant Mots qui commencent par C

Cliquez ici pour prendre le quiz!

Statistiques générales

  • Ce quiz a été pris 70 fois
    (54 depuis la dernière actualisation)
  • Le résultat moyen est 29 sur 274

Statistiques - réponses

Réponse% Correct
car
70%
chat
63%
cou/coup
63%
chien
59%
colle
48%
cheval
39%
clé/clef
37%
champ
30%
coût
30%
café
28%
canard
28%
clair
28%
cabane
26%
canne
26%
cadeau
24%
camion
24%
carotte
24%
carré
24%
carte
24%
chaussure
24%
comme
24%
couleur
24%
caissier/caissière/caisse
22%
calin/caliner
22%
camping
22%
cerise
22%
chameau
22%
chemin/cheminer
22%
chou/chou-fleur/chou de bruxelles
22%
citron
22%
coeur/choeur
22%
couverture
22%
croire
22%
cuillère
22%
cahier
20%
calme
20%
chateau
20%
chaud/chaude
20%
chèvre
20%
chute
20%
cousin/cousine
20%
coussin
20%
crier
20%
cuisine
20%
cacher/cachette
17%
cadre
17%
cerf
17%
chambre
17%
chapeau
17%
chaussette
17%
chemise
17%
chêne
17%
citrouille
17%
classe/classer/classeur
17%
cochon/cochon d'inde
17%
coiffeur/coiffeuse
17%
collier
17%
coq
17%
crayon
17%
caméra/caméraman
15%
cartable
15%
casque
15%
casquette
15%
champagne
15%
champignon
15%
chapitre
15%
chasse/chasser/chasseur/chasseuse
15%
cheminée
15%
chercher
15%
cirque
15%
claque/claquer/claquette
15%
coffre
15%
connaitre
15%
corps
15%
corset
15%
courgette/courge
15%
crâne
15%
création
15%
crêpe
15%
chaine
13%
chalet
13%
chanter
13%
chapiteau
13%
charisme
13%
charmant/charmante/charme/charmer
13%
chauffage/chaufferette
13%
chocolat
13%
ciseaux
13%
cloche
13%
coiffer
13%
comment
13%
copain/copine
13%
couple
13%
course
13%
crise
13%
cuisiner
13%
câble
11%
cafard
11%
caméléon
11%
carton
11%
castor
11%
champion/championne
11%
chanson
11%
charcutier
11%
châtaigne
11%
chaudron/casserole
11%
cheveux
11%
chips
11%
choisir
11%
cigarette/cigare
11%
ciment
11%
concombre
11%
couche
11%
coyote
11%
crabe
11%
crapaud
11%
créer
11%
crime
11%
crocodile
11%
cadenas
9%
caleçon
9%
calendrier
9%
caramel
9%
céleri
9%
cercle
9%
chance
9%
chanteur/chanteuse
9%
charbon
9%
chez
9%
chiffre
9%
cidre
9%
ciel
9%
cire
9%
clavier
9%
clémentine
9%
coiffure
9%
colonie
9%
compter
9%
contre
9%
coucou
9%
coude
9%
crevette
9%
criquet
9%
curé
9%
cuvette
9%
cygne
9%
calcul
7%
calculatrice
7%
campagne
7%
capable
7%
carapace
7%
carpe/carpette
7%
céréale
7%
cerveau
7%
changement
7%
chauffeur/chauffeuse
7%
chef
7%
chenille
7%
chimie
7%
chlore
7%
chomage
7%
chouette
7%
cinéma
7%
coccinelle
7%
colorier
7%
coque
7%
cornet
7%
cornichon
7%
courage/courageux/courage
7%
criminel/criminelle
7%
cube
7%
cuisinière/cuisinier
7%
culture
7%
cadran
4%
calcium
4%
calorie
4%
capote/condom
4%
caribou
4%
carnaval
4%
catalogue
4%
centre
4%
chacun/chacune/chaque
4%
chalumeau
4%
chandail
4%
charcuterie
4%
colère
4%
coline
4%
colorer
4%
combien
4%
compote
4%
comprendre
4%
confiture
4%
consoler
4%
coquin/coquine
4%
corde/cordon
4%
costume
4%
courriel/courrier
4%
crème/crème glacée
4%
croustille/croustillant
4%
curieux/curieuse
4%
calmar
2%
calorique
2%
camionneur/camionneuse
2%
camouffler
2%
cancer
2%
cancérégène
2%
canibale
2%
canneberge
2%
capitaine
2%
caractéristique
2%
carnivore
2%
carrefour
2%
cauchemar
2%
célibataire/célibat
2%
cendre/cendrier
2%
cependant
2%
chanceux/chanceuse
2%
chandelle/chandelier
2%
chaplet
2%
châtain
2%
chatouille
2%
chevalier
2%
chicane
2%
choix
2%
chorale
2%
chose
2%
citoyen
2%
clavarder/clavardage
2%
cocotte
2%
combat/combattre
2%
comédien/comédienne
2%
commencer
2%
commerce
2%
comptable
2%
confiance
2%
confidence
2%
connecter
2%
connexion
2%
conseil
2%
conseiller/conseillère
2%
corriger
2%
couvercle
2%
crampe
2%
crèche
2%
crever
2%
culpabilité/culpabiliser
2%
cultivateur
2%
cultiver
2%
canceller
0%
capricorne
0%
cardiologue
0%
chambouler
0%
chambranler/chambranlant
0%
choqué/choquer
0%
citoyenneté
0%
colonne
0%
commis
0%
compassion
0%
complet/complète
0%
conférence
0%
confisquer
0%
conséquence
0%
coordonnatrice
0%
coordonnée
0%
coquette
0%
coquillage
0%
cordonnier
0%
couleure
0%
craque/craquer
0%
craquelin
0%
crèmage
0%
cupidon
0%
curiosité
0%

Distribution des résultats

Percentile par nombre de réponses

% des personnes avec chaque résultat

Votre développement - résultats

Vous n’avez pas pris ce quiz depuis la dernière actualisation